000 00237nam a2200097Ia 4500
001 807697
005 20250826171236.0
008 250824s9999 xx 000 0 und d
245 0 _aHOŞÇA KAL UMUT
_cAYLA KUTLU
260 _bBİLGİ YAYINLARI
999 _c807697
_d807697